Normal view
MARC view
Entry Topical Term
001 - CONTROL NUMBER
- control field: 1240010
003 - CONTROL NUMBER IDENTIFIER
- control field: OSt
005 - DATE AND TIME OF LATEST TRANSACTION
- control field: 20260514122716.0
008 - FIXED-LENGTH DATA ELEMENTS
- fixed length control field: 260514|| aca||aabn | a|a d
040 ## - CATALOGING SOURCE
- Original cataloging agency: OSt
- Transcribing agency: OSt
150 ## - HEADING--TOPICAL TERM
- Topical term or geographic name entry element: Dermatology
670 ## - SOURCE DATA FOUND
- Source citation: Work cat.: (OSt)1851649: Dr.Abhinav Kumar 1240009, To Study the Efficacy of Fluticasone Propionate Ointment 0.005% in Childhood Lichen Planus -an Observational Study.
